| 000 | 00726cam a22002537a 4500 | ||
|---|---|---|---|
| 001 | 13634878 | ||
| 005 | 20180202094535.0 | ||
| 008 | 040624s2004 enka 001 0 eng | ||
| 010 | _a 2004273037 | ||
| 015 | _aGBA3-U2964 | ||
| 020 | _a0470854324 | ||
| 035 | _a(OCoLC)ocm53155690 | ||
| 040 |
_aUKM _cUKM _dC#P _dDLC |
||
| 041 | _aeng | ||
| 042 | _alccopycat | ||
| 080 | _a650.028546 GIL | ||
| 082 | 0 | 4 |
_a650.028546 GIL _221 |
| 100 | 1 | _a30 | |
| 101 | _aSHK | ||
| 245 | 1 | 0 |
_aVirtual private networking : _cGilbert Held. |
| 906 |
_a7 _bcbc _ccopycat _d2 _encip _f20 _gy-gencatlg |
||
| 942 |
_2ddc _cBK |
||
| 999 |
_c41707 _d41707 |
||